Online katalóg knižníc regiónu Turca

Najkrajšie príbehy pre dievčatá (Record no. 21997)

MARC details
000 -LEADER
fixed length control field 01656cam a2200493 a 4500
001 - CONTROL NUMBER
control field 21997
003 - CONTROL NUMBER IDENTIFIER
control field VRT
005 - DATE AND TIME OF LATEST TRANSACTION
control field 20260317144340.0
008 - FIXED-LENGTH DATA ELEMENTS--GENERAL INFORMATION
fixed length control field 160430s2013 xo a b 000 j slo
015 ## - NATIONAL BIBLIOGRAPHY NUMBER
National bibliography number SNBA2013/10
020 ## - INTERNATIONAL STANDARD BOOK NUMBER
International Standard Book Number 9788081077210 (viaz.)
039 #9 - LEVEL OF BIBLIOGRAPHIC CONTROL AND CODING DETAIL [OBSOLETE]
Level of rules in bibliographic description 202201201858
Level of effort used to assign nonsubject heading access points AUTHORITY
Level of effort used to assign subject headings 201911210806
Level of effort used to assign classification AUTHORITY
Level of effort used to assign subject headings 201604301050
Level of effort used to assign classification VLOAD
Level of effort used to assign subject headings 201604290810
Level of effort used to assign classification VLOAD
040 ## - CATALOGING SOURCE
Original cataloging agency SVKBB
Language of cataloging slo
Transcribing agency SVKBB
Modifying agency SNK
Description conventions AACR2
041 0# - LANGUAGE CODE
Language code of text/sound track or separate title slo
Language code of original eng
044 ## - COUNTRY OF PUBLISHING/PRODUCING ENTITY CODE
MARC country code xo
ISO country code SK
072 #7 - SUBJECT CATEGORY CODE
Subject category code 821-93
Subject category code subdivision Literatúra pre deti a mládež
Source konspekt
080 ## - UNIVERSAL DECIMAL CLASSIFICATION NUMBER
Universal Decimal Classification number 82-93
Edition identifier 2001
080 ## - UNIVERSAL DECIMAL CLASSIFICATION NUMBER
Universal Decimal Classification number 821-32
Edition identifier 2001
080 ## - UNIVERSAL DECIMAL CLASSIFICATION NUMBER
Universal Decimal Classification number (0:82-32)
Edition identifier 2001
240 10 - UNIFORM TITLE
Uniform title Illustrated Classics for Girls'
Language of a work Slovensky
245 00 - TITLE STATEMENT
Title Najkrajšie príbehy pre dievčatá
Statement of responsibility, etc. [z anglického originálu ... preložila Jitka Madarásová]
250 ## - EDITION STATEMENT
Edition statement 1. slov. vyd.
260 ## - PUBLICATION, DISTRIBUTION, ETC.
Place of publication, distribution, etc. Bratislava
Name of publisher, distributor, etc. Svojtka
Date of publication, distribution, etc. 2013
300 ## - PHYSICAL DESCRIPTION
Extent 383 s.
Other physical details fareb. ilustr.
Dimensions 20 cm
650 07 - SUBJECT ADDED ENTRY--TOPICAL TERM
Topical term or geographic name entry element literatúra pre deti a mládež
Source of heading or term SNKPH
650 07 - SUBJECT ADDED ENTRY--TOPICAL TERM
Topical term or geographic name entry element Children’s and juvenile literature
Source of heading or term SNKPHeng
655 #7 - INDEX TERM--GENRE/FORM
Genre/form data or focus term príbehy
Source of term SNKPH
655 #7 - INDEX TERM--GENRE/FORM
Genre/form data or focus term Stories
Source of term SNKPHeng
700 1# - ADDED ENTRY--PERSONAL NAME
Personal name Madarásová, Jitka
Relationship trl
910 ## - USER-OPTION DATA (OCLC)
User-option data svkbb
910 ## - USER-OPTION DATA (OCLC)
User-option data snk
910 ## - USER-OPTION DATA (OCLC)
User-option data vthk
910 ## - USER-OPTION DATA (OCLC)
User-option data hevk
910 ## - USER-OPTION DATA (OCLC)
User-option data sllk
910 ## - USER-OPTION DATA (OCLC)
User-option data skpk
910 ## - USER-OPTION DATA (OCLC)
User-option data ttkjf
942 ## - ADDED ENTRY ELEMENTS (KOHA)
Source of classification or shelving scheme Dewey Decimal Classification
Koha item type Krásna literatúra pre dospelých
Suppress in OPAC No
949 ## - LOCAL PROCESSING INFORMATION (OCLC)
6 2889206729
a savukPV 18626
b savuk2014/312
949 ## - LOCAL PROCESSING INFORMATION (OCLC)
6 273K0581631
a svkpoA 223483
b svkpo579827
949 ## - LOCAL PROCESSING INFORMATION (OCLC)
6 270001000433660
a svkbbA 139562
b svkbbm 739336
949 ## - LOCAL PROCESSING INFORMATION (OCLC)
6 17A1084771
a snkSD 82566
b snk2013/25358
o 2354/13
949 ## - LOCAL PROCESSING INFORMATION (OCLC)
6 17A1084772
a snkSD 82566 D1
b snk2013/25360
o 2354/13
Holdings
Stav vyradenia Strata Poškodenie Spôsob nadobudnutia Domovská knižnica Aktuálna knižnica Dátum nadobudnutia Cena Total checkouts Čiarový kód exemplára Date due Date last seen Date last checked out Typ exemplára
      Kúpa Obecná knižnica Horná Štubňa Obecná knižnica Horná Štubňa 17.03.2026 5.00 1 9788081077210 14.05.2026 14.04.2026 14.04.2026 Krásna literatúra pre dospelých
Projekt je podporený Slovenskou asociáciou knižníc
Prevádzkuje Turčianska knižnica Martin 2026